| 000 | 00850nam a2200229Ia 4500 | ||
|---|---|---|---|
| 001 | 8934 | ||
| 003 | GE_BSU | ||
| 008 | 181216s||||||||xx |||||||||||||| ||und|| | ||
| 040 | _cGE_BSU | ||
| 080 | _a821.353.1–32 | ||
| 100 | _aკიკვიძე,ყარამან | ||
| 245 | _aმე ბევრი ვიფიქრე,-თქვა კაცმა... | ||
| 245 | _bმოთხრობები | ||
| 245 | _cრედ.მ.წიკლაური. მხატვ.ჯ.ჭეიშვილი | ||
| 260 | _aთბილისი | ||
| 260 | _bსაბჭოთა საქართველო | ||
| 260 | _c1971 | ||
| 300 | _a267გვ..პორტრეტი.22სმ. | ||
| 653 | _aმე ბევრი ვიფიქრე,-თქვა კაცმა... | ||
| 653 | _aმოთხრობები | ||
| 942 | _cBK | ||
| 999 |
_c42239 _d42239 |
||